| 000 | 01070nam a2200301 a 4500 | ||
|---|---|---|---|
| 001 | 1604648 | ||
| 003 | CO-ViMGA | ||
| 005 | 20230915233605.0 | ||
| 008 | 181010r2017 ck a gr 0001f spa d | ||
| 020 | _a9584259318 (Editorial Planeta Colombiana) | ||
| 020 | _a9788408169444 (Editorial Planeta) | ||
| 020 | _a9789584259318 (Editorial Planeta Colombiana) | ||
| 040 |
_aCO-ViMGA _bspa _cCO-ViMGA |
||
| 043 | _ae-sp--- | ||
| 082 | 0 | 4 |
_a863.6 _bB58a2 _219 |
| 100 | 1 |
_aBlue Jeans. _97626 |
|
| 245 | 1 | 0 |
_aAlgo tan sencillo como estar contigo / _cBlue Jeans ; ilustraciones Gonzalo Muiǫ. |
| 250 | _aPrimera impresion | ||
| 260 |
_aBogota :̀ _bEditorial Planeta Colombiana ; _aBarcelona : _bEditorial Planeta, _c2017. |
||
| 300 |
_a553 paginas : _bilustraciones ; _c23 cm. |
||
| 490 | 0 |
_aSerie algo tan sencillo ; _v3 |
|
| 650 | 1 | 4 |
_aAmistad _v Novela. _92648 |
| 650 | 1 | 4 |
_aAmor _v Novela. _9890 |
| 650 | 1 | 4 |
_aEstudiantes universitarios _v Novela. _96505 |
| 650 | 1 | 4 |
_aNovela española. _9801 |
| 700 | 1 |
_aMuiǫ, Gonzalo, _eilustrador. _913587 |
|
| 942 |
_2ddc _cBK |
||
| 999 |
_c37081 _d37081 |
||